000 01295nam0a22002771 4500
001 rc\4389594
005 20260407094159.0
021 _aRU
_bРг3551-66
021 _aRU
_bРг4793-66
035 _a(NLR Aleph) 008293463
090 _a8590838
_c8590838
100 _a20130416d1966 |||y0rusy50 ca
101 0 _arus
102 _aRU
105 _ay c |||||
200 1 _aВременные указания по контролю качества полносборных жилых домов серии 1-464А
_e(ВУ-36-66)
_fМ-во строительства РСФСР. Главзапстрой
210 _aЛенинград
_cБ. и.
_d1966
215 _a64 с.
_d29
311 _aПрил.: Приложения...., 1966.-Отпеч. множит. аппаратом
421 0 _11010#$arus
_12001#$aПриложения...
_1210##$d1966
_1215##$a51 с.
_1300##$aОтпеч. множит. аппаратом
_tПриложения...
712 0 1 _aРСФСР
_bГлавное управление по строительству в Ленинградском и Мурманском экономических районах
_9604193
_3RU\NLR\AUTH\8810051932
801 0 _aRU
_bNLR
_gpsbo
801 1 _aRU
_bELAR
_2rusmarc
852 _aNLR
_jПт 80/136-36-66
942 _cBOOK
980 _aNB